| 000 | 00765nam a2200253 a 4500 | ||
|---|---|---|---|
| 001 | 61068 | ||
| 003 | BD-RjUL | ||
| 005 | 20211209080922.0 | ||
| 008 | 170115s1957 enka 000 0 eng d | ||
| 035 | _a(BD-RjUL) 61192 | ||
| 040 |
_aDLC _cCarP _dDLC _dBD-RjUL _beng |
||
| 041 | _aeng | ||
| 082 |
_a658.542 _bBRO 1956 _223 |
||
| 110 | 2 |
_aBritish Institute of Management. [from old catalog] _9182244 |
|
| 245 | 1 | 0 | _aOutline of work study / |
| 260 |
_aLondon : _bBritish Institute of Management., _c1956 |
||
| 300 |
_aV. : _bill. ; _c22 cm. |
||
| 490 | _a Production management series. | ||
| 505 | 0 | _apt 1 -- | |
| 650 | 0 |
_aWork measurement. _962263 |
|
| 830 |
_a Production management series. _9182245 |
||
| 942 |
_2ddc _cBK |
||
| 999 |
_c61068 _d61068 |
||